000
00247nam a22001097a 4500
005
20180912093027.0
008
180912b xxu||||| |||| 00| 0 eng d
245
_a
Construction World
260
_a
Mumbai
_b
ASAPP
_c
2018
300
_a
p182
942
_c
JRL
999
_c
5736
_d
5734